000 00785nam a2200253 a 4500
008
020 _a9780470683378 (paperback)
040 _aNUST
_cNUST
049 _aMAIN
090 _aRG133
_bVAN
100 1 _aVan den Akker, Olga B.A.
245 1 0 _aReproductive Health Psychology /
_cVan den Akker, Olga B.A.
260 _aUnited States :
_bWiley-Blackwell,
_c2012
300 _axv, 360 pages :
_billustrations ;
_c26 cm
336 _atext
_btxt
_2rdacontent
337 _aunmediated
_bn
_2rdamedia
338 _avolume
_bnc
_2rdacarrier
500 _aIncludes index.
650 1 _aReproductive Health Psychology
907 _a.b10406086
_b29-06-21
_c29-06-21
003
005 20230120204311.0
942 _cBOOKS
_kRG133
_mVAN
999 _c120746
_d120746